Comentarios al Código civil y compilaciones forales (Registro nro. 160559)
[ vista simple ]
| 000 -LEADER | |
|---|---|
| fixed length control field | 01121ny a22002653n 4500 |
| 008 - FIXED-LENGTH DATA ELEMENTS--GENERAL INFORMATION | |
| fixed length control field | 971027s1990 sp s 000 0 spa c |
| 020 ## - INTERNATIONAL STANDARD BOOK NUMBER | |
| International Standard Book Number | 8471302160 |
| 035 ## - | |
| -- | 466 |
| 040 ## - CATALOGING SOURCE | |
| Original cataloging agency | UCM.EMP |
| Modifying agency | vLex |
| 040 ## - CATALOGING SOURCE | |
| Original cataloging agency | UMA.RE |
| Modifying agency | vLex |
| 080 ## - | |
| -- | 347.18(460)(094.4.07) |
| 090 ## - | |
| -- | 2126 |
| -- | 2126 |
| 245 00 - TITLE STATEMENT | |
| Title | Comentarios al Código civil y compilaciones forales |
| Medium | [Recurso electrónico] |
| Statement of responsibility, etc | dirigidos por Manuel Albaladejo |
| 256 ## - | |
| -- | Servicio en línea |
| 260 ## - PUBLICATION, DISTRIBUTION, ETC. (IMPRINT) | |
| Place of publication, distribution, etc | Madrid : |
| Name of publisher, distributor, etc | EDERSA, |
| Date of publication, distribution, etc | 1990. |
| 300 ## - PHYSICAL DESCRIPTION | |
| Extent | p. ; |
| Dimensions | 23 cm |
| 505 0# - FORMATTED CONTENTS NOTE | |
| Title | Tomo V, Vol. 1, Artículos 333 a 391 del Código Civil (2ª edición) / |
| 506 1# - RESTRICTIONS ON ACCESS NOTE | |
| Terms governing access | Contenido solo disponible en los productos indicados |
| Authorized users | vLex Global |
| -- | vLex Global (Academic Edition, excluding Law Schools) |
| -- | vLex Global (U.S. Academic Edition, Law Schools) |
| -- | vLex Global (U.S. Academic Edition, excluding Law Schools) |
| -- | vLex Global (Academic Edition, Law Schools) |
| 650 ## - SUBJECT ADDED ENTRY--TOPICAL TERM | |
| Source of heading or term | Tesauro vLex |
| Topical term or geographic name as entry element | Civil |
| 650 ## - SUBJECT ADDED ENTRY--TOPICAL TERM | |
| Source of heading or term | Tesauro vLex |
| Topical term or geographic name as entry element | Código civil |
| 740 0# - | |
| -- | vLex Libros (Servicios en línea) |
| 856 40 - LOCALIZACIÓN Y ACCESO ELECTRÓNICO | |
| Identificador Uniforme del Recurso (URI/URL) | https://app.vlex.com/#/sources/466 |
| 942 ## - | |
| -- | RAA |
| 999 ## - | |
| -- | 160559 |
| -- | 160559 |
No hay ítems disponibles.